[Event "Saint Louis Masters 2026"]
[Site "Saint Louis USA"]
[Date "2026.02.26"]
[Round "4.3"]
[White "Quesada Perez, Yasser"]
[Black "Woodward, Andy"]
[Result "1/2-1/2"]
[WhiteTitle "GM"]
[BlackTitle "GM"]
[WhiteElo "2562"]
[BlackElo "2608"]
[WhiteFideId "3509362"]
[BlackFideId "30953499"]
[EventDate "2026.02.25"]

1. e4 e5 2. Nf3 Nc6 3. Bb5 a6 4. Ba4 Nf6 5. Nc3 b5 6. Bb3 Bc5 7. Nd5 d6 8. c3
Ba7 9. d4 h6 10. O-O O-O 11. Be3 exd4 12. cxd4 Na5 13. Nxf6+ Qxf6 14. e5 dxe5
15. dxe5 Qe7 16. Bxa7 Rxa7 17. Bc2 Bb7 18. Qd3 g6 19. Rfe1 c5 20. e6 Bxf3 21.
Qxf3 fxe6 22. Qg4 Qf6 23. Bxg6 Kh8 24. Qxe6 Qxf2+ 25. Kh1 Qxb2 26. Rf1 Qg7 27.
Rxf8+ Qxf8 28. Re1 Nc4 29. Bd3 Rf7 30. Bxc4 bxc4 31. Qxc4 Rf6 32. h3 Kg7 33. a4
Qd6 34. Qg4+ Rg6 35. Qc8 Rf6 36. a5 Rf7 37. Qg4+ Qg6 38. Qc4 Qd6 39. Rb1 Re7 40.
Rf1 Re6 41. Qg4+ Rg6 42. Qf3 Rf6 43. Qb7+ Kg6 44. Qe4+ Kg7 45. Rb1 Rf7 46. Qe2
Re7 47. Qc4 Rf7 48. Rb6 Qd1+ 49. Kh2 Qd4 50. Qc1 Qf4+ 51. Qxf4 Rxf4 52. Rxa6 c4
53. Rc6 Rf5 54. a6 Ra5 55. Rxc4 Rxa6 1/2-1/2

[Event "Saint Louis Masters 2026"]
[Site "Saint Louis USA"]
[Date "2026.02.26"]
[Round "4.4"]
[White "Antipov, Mikhail Al."]
[Black "Kantor, Gergely"]
[Result "1/2-1/2"]
[WhiteTitle "GM"]
[BlackTitle "GM"]
[WhiteElo "2591"]
[BlackElo "2515"]
[WhiteFideId "4107012"]
[BlackFideId "751499"]
[EventDate "2026.02.25"]

1. e4 e5 2. Nf3 Nc6 3. Bc4 Nf6 4. d3 Bc5 5. O-O O-O 6. h3 d6 7. c3 a5 8. Re1 Be6
9. Bb5 Ba7 10. Nbd2 Ne7 11. d4 Ng6 12. Ba4 Nh5 13. Nf1 Nhf4 14. Bc2 Qd7 15. Ne3
exd4 16. cxd4 Rae8 17. h4 d5 18. exd5 Bg4 19. Bxg6 Nxg6 20. Nxg4 Qxg4 21. Bg5 h6
22. Rxe8 Rxe8 23. Be3 Nxh4 24. Nxh4 Qxh4 25. Rc1 Bb6 26. Qf3 Qe4 27. Qxe4 Rxe4
28. Rc3 f5 29. g3 g5 1/2-1/2

[Event "Saint Louis Masters 2026"]
[Site "Saint Louis USA"]
[Date "2026.02.26"]
[Round "4.5"]
[White "Lodici, Lorenzo"]
[Black "Yu, Jennifer"]
[Result "1-0"]
[WhiteTitle "GM"]
[BlackTitle "FM"]
[WhiteElo "2590"]
[BlackElo "2309"]
[WhiteFideId "884189"]
[BlackFideId "2078341"]
[EventDate "2026.02.25"]

1. e4 e5 2. Nf3 Nc6 3. Bc4 Nf6 4. d3 h6 5. a4 d6 6. a5 a6 7. Nc3 g6 8. Be3 Bg7
9. h3 O-O 10. g4 Ne8 11. g5 h5 12. Nh4 Kh7 13. Ne2 Bh8 14. Ng3 Ng7 15. Rg1 Be6
16. Bxe6 fxe6 17. Kf1 d5 18. Kg2 Qe7 19. Rf1 Rf7 20. Ne2 Rd8 21. Qc1 Rdf8 22. c3
d4 23. Bd2 dxc3 24. bxc3 Qd6 25. Qc2 Rd8 26. Nc1 Qf8 27. Be3 Ne8 28. Nb3 Nd6 29.
Nc5 Re8 30. Qe2 Nb5 31. Rfc1 Nd8 32. Nf3 Qe7 33. h4 Ref8 34. Ng1 Qd6 35. f3 Bg7
36. Qc2 Re8 37. Rf1 Qc6 38. Ne2 Bf8 39. Nb3 Bg7 40. Qb2 Ref8 41. Bg1 Nd6 42. Bh2
Rd7 43. Bg1 Rdf7 44. Nc5 Nb5 45. Qb3 Qe8 46. Rad1 Nd6 47. d4 Qb5 48. Qxb5 axb5
49. Nc1 b6 50. axb6 cxb6 51. N5b3 Nc4 52. Nd3 Nc6 53. dxe5 N6xe5 54. Nxe5 Bxe5
55. Nd4 Ra8 56. Ra1 Rd8 57. Ra2 b4 58. Nc6 Rd3 59. cxb4 Bc3 60. Rff2 Ne3+ 61.
Kh1 Nd1 62. Rf1 Rfxf3 63. Rxf3 Rxf3 64. Ra7+ Kh8 65. Ne7 Rf7 66. Bxb6 Bxb4 67.
Ra8+ Kh7 68. Bd4 e5 69. Bxe5 Rf1+ 70. Kh2 Rf2+ 71. Kg3 1-0

[Event "Saint Louis Masters 2026"]
[Site "Saint Louis USA"]
[Date "2026.02.26"]
[Round "4.6"]
[White "Stremavicius, Titas"]
[Black "Hong, Andrew"]
[Result "1/2-1/2"]
[WhiteTitle "GM"]
[BlackTitle "GM"]
[WhiteElo "2547"]
[BlackElo "2587"]
[WhiteFideId "12804444"]
[BlackFideId "2099438"]
[EventDate "2026.02.25"]

1. Nf3 d5 2. g3 Nf6 3. Bg2 e6 4. O-O Be7 5. d4 O-O 6. c4 dxc4 7. Qc2 a6 8. Qxc4
b5 9. Qc2 Bb7 10. Bf4 Nc6 11. Nbd2 Nd5 12. Rfd1 Nxf4 13. gxf4 Nb4 14. Qc1 a5 15.
a3 Na6 16. Nb3 Bd5 17. Qe3 a4 18. Nc5 Nxc5 19. dxc5 c6 20. Ne5 Rc8 21. Rac1 Rc7
22. Rd2 Qc8 23. Rc3 Rb7 24. Qh3 b4 25. axb4 Rxb4 26. Nd3 Rd4 27. Bxd5 exd5 28.
Qxc8 Rxc8 29. Rdc2 g5 30. fxg5 Bxg5 31. b4 axb3 32. Rxb3 Re4 33. Rb6 Kg7 34. Ra2
Rce8 35. Rxc6 Rxe2 36. Rxe2 Rxe2 37. Rd6 Rd2 38. Rxd5 Bh4 39. Kf1 Rc2 40. Ke1 h6
41. Rd4 Bg5 42. h4 Bf6 43. Rg4+ Kf8 44. Kd1 Rc3 45. Kd2 Bh8 46. Ra4 Bg7 47. f4
h5 48. f5 Ke7 49. Ra7+ Ke8 50. Ra6 Rc4 51. f6 Bh6+ 52. Ke2 Rxh4 53. Kf3 Bg5 54.
Rd6 Rc4 55. c6 h4 56. Ne5 Rc5 57. Nd3 Rc3 58. Kg4 Bxf6 59. Rxf6 Rxd3 60. Kxh4
Rc3 61. Kg4 Ke7 62. Rh6 f6 63. c7 Ke6 64. Rh7 Rc4+ 65. Kf3 Kd6 66. Rf7 Rxc7 67.
Rxf6+ Kd7 68. Rf7+ Kc6 69. Rxc7+ Kxc7 1/2-1/2

[Event "Saint Louis Masters 2026"]
[Site "Saint Louis USA"]
[Date "2026.02.26"]
[Round "4.7"]
[White "Aryan, Chopra"]
[Black "Cordova, Emilio"]
[Result "1-0"]
[WhiteTitle "GM"]
[BlackTitle "GM"]
[WhiteElo "2631"]
[BlackElo "2494"]
[WhiteFideId "5084423"]
[BlackFideId "3801497"]
[EventDate "2026.02.25"]

1. e4 c5 2. Nf3 e6 3. d4 cxd4 4. Nxd4 d6 5. c4 Nc6 6. Nc3 Nf6 7. Be2 Be7 8. O-O
O-O 9. Be3 Bd7 10. Qd2 Qb8 11. Rad1 a6 12. a4 Rc8 13. Nc2 Na5 14. Na3 Be8 15. f4
b5 16. axb5 axb5 17. cxb5 Rxc3 18. bxc3 Nxe4 19. Qb2 d5 20. Ra1 Qc7 21. Bd4 Rb8
22. b6 Qd8 23. Nb5 Nc6 24. Nc7 Bd7 25. Rab1 Bd6 26. Na6 Rb7 27. Bd3 Qa8 28. Be3
Ne7 29. Qc2 Nf5 30. Bd4 Bc6 31. Bxe4 dxe4 32. Nc5 Bxc5 33. Bxc5 Qa5 34. Qf2 h5
35. Bd4 h4 36. h3 Rd7 37. Rfe1 Bb7 38. Kh2 Qa4 39. Rb2 Qc6 40. Kg1 Rd8 41. Kh2
Rd7 42. Qe2 Nxd4 43. cxd4 Rxd4 44. Qf2 Qc3 45. Rc2 Qb4 46. Rc7 e3 47. Qxh4 Rxf4
48. Qd8+ Kh7 49. Qd3+ Be4 50. Qxe3 e5 51. g3 Bf3 52. gxf4 Qb2+ 53. Re2 Bxe2 54.
Qe4+ 1-0

[Event "Saint Louis Masters 2026"]
[Site "Saint Louis USA"]
[Date "2026.02.26"]
[Round "4.8"]
[White "Celik, Hasan Huseyin"]
[Black "Bharath, Subramaniyam H"]
[Result "1/2-1/2"]
[WhiteTitle "IM"]
[BlackTitle "GM"]
[WhiteElo "2495"]
[BlackElo "2595"]
[WhiteFideId "44506759"]
[BlackFideId "46634827"]
[EventDate "2026.02.25"]

1. Nf3 d5 2. g3 Bg4 3. Bg2 c6 4. O-O Nd7 5. h3 Bh5 6. d4 e6 7. c4 Ngf6 8. cxd5
exd5 9. Qb3 Qb6 10. Qe3+ Be7 11. Nh4 Bg6 12. Nxg6 hxg6 13. Nc3 Qd8 14. Qd3 O-O
15. h4 Re8 16. Bf3 Bd6 17. Bg5 Nf8 18. e4 dxe4 19. Nxe4 Be7 20. Bxf6 Bxf6 21. d5
cxd5 22. Nxf6+ Qxf6 23. Bxd5 Rad8 24. Qf3 Qxf3 25. Bxf3 Rd2 26. Bxb7 Rb8 27. Ba6
Rbxb2 28. Bc4 Nd7 29. Rae1 Kf8 30. Re3 f6 31. Rfe1 Ne5 32. f4 Rg2+ 33. Kh1 Rh2+
34. Kg1 Rbg2+ 35. Kf1 Rd2 36. Kg1 Rdg2+ 1/2-1/2

[Event "Saint Louis Masters 2026"]
[Site "Saint Louis USA"]
[Date "2026.02.26"]
[Round "4.9"]
[White "Putnam, Liam"]
[Black "Akobian, Varuzhan"]
[Result "0-1"]
[WhiteTitle "IM"]
[BlackTitle "GM"]
[WhiteElo "2485"]
[BlackElo "2549"]
[WhiteFideId "30938279"]
[BlackFideId "13300580"]
[EventDate "2026.02.25"]

1. e4 e6 2. d4 d5 3. Nd2 dxe4 4. Nxe4 Nd7 5. Nf3 Ngf6 6. Nxf6+ Nxf6 7. Be3 Nd5
8. Bd3 Nxe3 9. fxe3 Bd6 10. Qe2 Qe7 11. c3 e5 12. Nd2 exd4 13. exd4 Qxe2+ 14.
Kxe2 Be6 15. Bc4 O-O 16. Bxe6 Rae8 17. Rae1 Rxe6+ 18. Kf2 Rfe8 19. Nf3 Rxe1 20.
Rxe1 Rxe1 21. Kxe1 f5 22. Ke2 Kf7 23. h3 Kf6 24. Kf2 g5 25. g4 Kg6 26. Ne1 c5
27. Kf3 cxd4 28. cxd4 h5 29. gxh5+ Kxh5 30. Ng2 Kg6 31. a4 Be7 32. Ke3 Kf6 33.
b3 Ke6 34. Kd3 Bd6 35. Ke3 Bg3 36. Kf3 Bh2 37. Ke3 Bg1+ 38. Kd3 Bf2 39. Kc4 f4
40. Kd3 Kd5 41. b4 Bg3 42. b5 b6 0-1

[Event "Saint Louis Masters 2026"]
[Site "Saint Louis USA"]
[Date "2026.02.26"]
[Round "4.10"]
[White "Budisavljevic, Luka"]
[Black "Atanasov, Anthony"]
[Result "1/2-1/2"]
[WhiteTitle "GM"]
[BlackTitle "IM"]
[WhiteElo "2501"]
[BlackElo "2441"]
[WhiteFideId "960047"]
[BlackFideId "2623897"]
[EventDate "2026.02.25"]

1. d4 Nf6 2. Nf3 d5 3. e3 e6 4. Bd3 b6 5. O-O Be7 6. b3 O-O 7. c4 Bb7 8. cxd5
exd5 9. Ba3 Nbd7 10. Bxe7 Qxe7 11. Nc3 c5 12. Rc1 g6 13. Qe2 a6 14. a4 Rfc8 15.
Rfd1 Rc7 16. Qb2 Rac8 17. Bf1 cxd4 18. Nxd4 Ne5 19. Na2 Ne4 20. Rxc7 Rxc7 21. h3
h5 22. Rc1 Rxc1 23. Nxc1 Qb4 24. Qe2 Qc3 25. Nd3 Nc6 26. Nxc6 Bxc6 27. Qb2 1/2-1/2

[Event "Saint Louis Masters 2026"]
[Site "Saint Louis USA"]
[Date "2026.02.26"]
[Round "4.11"]
[White "Oparin, Grigoriy"]
[Black "Kacharava, Nikolozi"]
[Result "1/2-1/2"]
[WhiteTitle "GM"]
[BlackTitle "GM"]
[WhiteElo "2658"]
[BlackElo "2501"]
[WhiteFideId "24125890"]
[BlackFideId "13611860"]
[EventDate "2026.02.25"]

1. e4 e5 2. Nc3 Nf6 3. g3 Bc5 4. Bg2 c6 5. Nge2 d5 6. exd5 cxd5 7. d4 exd4 8.
Nxd4 Bg4 9. Qd3 Nc6 10. Be3 Qb6 11. Nxc6 Bxe3 12. Qxe3+ Qxe3+ 13. fxe3 bxc6 14.
e4 O-O-O 15. O-O d4 16. Na4 1/2-1/2

[Event "Saint Louis Masters 2026"]
[Site "Saint Louis USA"]
[Date "2026.02.26"]
[Round "4.12"]
[White "Repka, Christopher"]
[Black "Pranav, V"]
[Result "0-1"]
[WhiteTitle "GM"]
[BlackTitle "GM"]
[WhiteElo "2495"]
[BlackElo "2641"]
[WhiteFideId "14918781"]
[BlackFideId "25060783"]
[EventDate "2026.02.25"]

1. e4 c5 2. Nf3 Nc6 3. c3 Nf6 4. e5 Nd5 5. d4 cxd4 6. cxd4 d6 7. exd6 e6 8. Nc3
Bxd6 9. Bd3 O-O 10. O-O h6 11. Re1 Bd7 12. Ne5 Bb4 13. Qh5 Nxe5 14. dxe5 f5 15.
a3 Be8 16. Qf3 Bxc3 17. bxc3 Rc8 18. c4 Nb6 19. Qg3 Kh8 20. Rb1 Rf7 21. Qh3 Kg8
22. Qg3 Kh7 23. c5 Na4 24. Bc2 Rxc5 25. Bxa4 Bxa4 26. Be3 Rc3 27. Qf4 b5 28. h4
Rc4 29. Qf3 Qxh4 30. Qa8 f4 31. Bxa7 f3 32. Re3 fxg2 0-1

[Event "Saint Louis Masters 2026"]
[Site "Saint Louis USA"]
[Date "2026.02.26"]
[Round "4.13"]
[White "Boyer, Mahel"]
[Black "Mishra, Abhimanyu"]
[Result "1/2-1/2"]
[WhiteTitle "GM"]
[BlackTitle "GM"]
[WhiteElo "2486"]
[BlackElo "2629"]
[WhiteFideId "45102422"]
[BlackFideId "30920019"]
[EventDate "2026.02.25"]

1. Nf3 Nf6 2. d4 g6 3. g3 Bg7 4. Bg2 d5 5. O-O c6 6. a4 a5 7. Bf4 O-O 8. c3 Nbd7
9. Nbd2 Nh5 10. Be3 b6 11. c4 Ba6 12. Qb3 e6 13. Bg5 Qc7 14. Rac1 h6 15. Be7
Rfe8 16. Ba3 Nhf6 17. Rfe1 Rac8 18. e3 dxc4 19. Nxc4 b5 20. Nd6 b4 21. Bxb4 axb4
22. Nxe8 Rxe8 23. Nd2 c5 24. Qxb4 Nd5 25. Qa3 Qb8 26. Nb3 Nb4 27. Bf1 Bxf1 28.
Rxf1 cxd4 29. Nxd4 Bf8 30. a5 Ne5 31. Qa4 Rd8 32. Qb5 Qxb5 33. Nxb5 Rd5 34. Nd4
Rxa5 35. Ra1 Rd5 36. Rfc1 Rd8 37. Ra7 g5 38. Rb7 Nbd3 39. Rc3 g4 40. Kf1 Ra8 41.
Ke2 Nb4 42. Rb5 Nd5 43. Rc2 Nd7 44. Nc6 Kg7 45. Rb7 Nc5 46. Ra7 Rxa7 47. Nxa7 h5
48. Nc6 Kf6 49. b4 Na4 50. e4 Ndb6 51. Kd3 e5 52. Ra2 Ke6 53. Kc2 f5 54. exf5+
Kd5 55. b5 Ke4 56. f6 Kf5 57. f7 Kf6 58. Ra1 e4 59. h4 gxh3 60. Rh1 Kxf7 61.
Rxh3 Kg6 62. Ne5+ Kg5 63. Rh4 Nc5 64. f4+ exf3 65. Nxf3+ Kg6 66. Ne5+ Kg5 67.
Nf3+ Kg6 68. Ne5+ 1/2-1/2

[Event "Saint Louis Masters 2026"]
[Site "Saint Louis USA"]
[Date "2026.02.26"]
[Round "4.14"]
[White "Dudin, Gleb"]
[Black "Mikaelyan, Arman"]
[Result "1/2-1/2"]
[WhiteTitle "GM"]
[BlackTitle "GM"]
[WhiteElo "2596"]
[BlackElo "2494"]
[WhiteFideId "34184934"]
[BlackFideId "13304852"]
[EventDate "2026.02.25"]

1. e4 c5 2. Nf3 g6 3. d4 cxd4 4. Nxd4 Nc6 5. c4 Nf6 6. Nc3 Nxd4 7. Qxd4 d6 8. f3
Bg7 9. Be3 O-O 10. Qd2 a5 11. b3 Bd7 12. Be2 Bc6 13. O-O Nd7 14. Rab1 Nc5 15.
Rfd1 Be5 16. Bf1 e6 17. Ne2 Qe7 18. Nd4 Bd7 19. a3 Rfd8 20. b4 axb4 21. axb4 Ba4
22. Re1 Be8 23. Bf2 Bg7 24. f4 Nd7 25. h3 Nf6 26. Nf3 Qc7 27. Bd4 d5 28. cxd5
exd5 29. e5 Ne4 30. Qb2 Rdc8 31. Bd3 Bh6 32. Bxe4 dxe4 33. Nd2 Bc6 34. Rbc1 Qd8
35. b5 Bd5 36. Rxc8 Rxc8 37. Be3 Bf8 38. Bf2 Bc5 39. Nxe4 Bxe4 40. Rxe4 Qd3 41.
Re2 Bxf2+ 42. Rxf2 Rc5 43. e6 fxe6 44. Qf6 Qe3 45. Qd8+ Kf7 46. Qd7+ Kg8 47.
Qe8+ Kg7 48. Qe7+ Kg8 49. Qe8+ 1/2-1/2

[Event "Saint Louis Masters 2026"]
[Site "Saint Louis USA"]
[Date "2026.02.26"]
[Round "4.15"]
[White "Warmerdam, Max"]
[Black "Shlyakhtenko, Robert"]
[Result "1/2-1/2"]
[WhiteTitle "GM"]
[BlackTitle "IM"]
[WhiteElo "2580"]
[BlackElo "2453"]
[WhiteFideId "1048104"]
[BlackFideId "30936934"]
[EventDate "2026.02.25"]

1. d4 d5 2. Nf3 e6 3. e3 Nf6 4. Bd3 c5 5. b3 Nc6 6. Bb2 b6 7. Nbd2 Bb7 8. Qe2
Be7 9. O-O O-O 10. a3 a5 11. Ne5 a4 12. Rfc1 Nd7 13. Nxd7 Qxd7 14. Bb5 axb3 15.
cxb3 Rfc8 16. a4 cxd4 17. exd4 Qd8 18. Bc3 Rc7 19. Nf3 Rac8 20. Qb2 Na5 21. Bd3
Qf8 22. b4 Nc4 23. Qb3 g6 24. Rc2 Qe8 25. h3 Ra8 26. Be1 Bc6 27. Rca2 Bd7 28.
Ne5 Qc8 29. b5 Bd6 30. Ng4 h5 31. Nh2 e5 32. dxe5 Bxe5 33. Rd1 Be6 34. Nf3 Bf6
35. Qb1 Kg7 36. Qb4 Kg8 37. Qb1 Kg7 1/2-1/2

[Event "Saint Louis Masters 2026"]
[Site "Saint Louis USA"]
[Date "2026.02.26"]
[Round "4.16"]
[White "Munkhdalai, Amilal"]
[Black "Fier, Alexandr"]
[Result "1/2-1/2"]
[WhiteTitle "IM"]
[BlackTitle "GM"]
[WhiteElo "2455"]
[BlackElo "2572"]
[WhiteFideId "4903250"]
[BlackFideId "2107139"]
[EventDate "2026.02.25"]

1. e4 e5 2. Nf3 Nc6 3. Bb5 a6 4. Ba4 Bc5 5. O-O Nge7 6. c3 Ba7 7. d4 Ng6 8. Be3
O-O 9. d5 Nce7 10. Bxa7 Rxa7 11. d6 Nc6 12. c4 cxd6 13. Nc3 Qe7 14. Qd2 f5 15.
Bc2 f4 16. Rad1 Nh8 17. Qxd6 Qxd6 18. Rxd6 Nf7 19. Rd2 d6 20. Rc1 g5 21. Nd5 g4
22. Ne1 b5 23. Bd3 bxc4 24. Bxc4 Nd4 25. Nc2 Nxc2 26. Rdxc2 Kg7 27. f3 Ng5 28.
Kf2 Be6 29. Nb6 Rf6 30. Bxe6 Rxe6 31. Rc7+ Rxc7 32. Rxc7+ Kh6 33. Rc6 Rg6 34.
Nc4 gxf3 35. gxf3 Nh3+ 36. Ke1 Ng1 37. Kf2 Nh3+ 38. Ke1 Ng1 39. Kf2 1/2-1/2

[Event "Saint Louis Masters 2026"]
[Site "Saint Louis USA"]
[Date "2026.02.26"]
[Round "4.17"]
[White "Can, Isik"]
[Black "Kuru, Atilla"]
[Result "1-0"]
[WhiteTitle "GM"]
[BlackTitle "IM"]
[WhiteElo "2562"]
[BlackElo "2450"]
[WhiteFideId "6383742"]
[BlackFideId "51607948"]
[EventDate "2026.02.25"]

1. e4 c5 2. Nf3 Nc6 3. d4 cxd4 4. Nxd4 g6 5. c4 Nf6 6. Nc3 d6 7. Be2 Nxd4 8.
Qxd4 Bg7 9. Qd3 O-O 10. O-O Bd7 11. Be3 a6 12. a3 b5 13. cxb5 axb5 14. b4 Qb8
15. Rfc1 Rc8 16. f3 d5 17. exd5 Bf5 18. Qd2 Rxc3 19. Rxc3 Nxd5 20. Bd4 Nxc3 21.
Bxc3 Qb6+ 22. Kh1 Rd8 23. Qe1 e5 24. Rd1 Rc8 25. Qd2 h5 26. h3 Qe6 27. Bxb5 Bxh3
28. Qe3 Qb3 29. Rc1 Bf5 30. Bd2 Rxc1+ 31. Bxc1 Qd1+ 32. Qg1 Qd8 33. Qe1 Qd5 34.
Be2 e4 35. Qd2 Qe5 36. f4 Qe7 37. b5 Bc8 38. a4 h4 39. Bf1 h3 40. gxh3 Qh4 41.
Kh2 Bb7 42. Bg2 Bf8 43. Bb2 g5 44. fxg5 Be7 45. Qd7 Qf4+ 46. Kh1 e3 47. Qxb7 e2
48. Qxe7 Qf1+ 49. Kh2 e1=Q 50. Qd8+ 1-0

[Event "Saint Louis Masters 2026"]
[Site "Saint Louis USA"]
[Date "2026.02.26"]
[Round "4.18"]
[White "Kadric, Denis"]
[Black "Adewumi, Tanitoluwa"]
[Result "0-1"]
[WhiteTitle "GM"]
[BlackTitle "IM"]
[WhiteElo "2540"]
[BlackElo "2433"]
[WhiteFideId "14403803"]
[BlackFideId "30966396"]
[EventDate "2026.02.25"]

1. e4 e5 2. Bc4 Nc6 3. Nf3 Bc5 4. c3 Nf6 5. d3 d6 6. O-O a6 7. Bb3 Ba7 8. Nbd2
h6 9. Re1 O-O 10. Nf1 Re8 11. Ng3 Be6 12. Bc2 d5 13. exd5 Nxd5 14. Bd2 Qf6 15.
h3 Bd7 16. Re4 Qd6 17. Nh4 Nce7 18. Qf3 f5 19. Re2 Qf6 20. Bb3 c6 21. Qh5 Be6
22. Nf3 Ng6 23. Bxd5 cxd5 24. Bxh6 gxh6 25. Qxh6 Qg7 26. Qxg7+ Kxg7 27. Nxe5 Nf4
28. Rd2 d4 29. c4 Kf6 30. Nf3 Bd7 31. Kf1 Bc6 32. Ne1 b5 33. Ne2 Nxe2 34. Rxe2
bxc4 35. Rxe8 Rxe8 36. dxc4 Be4 37. Rd1 f4 38. f3 Bf5 39. Nd3 Bxd3+ 40. Rxd3 a5
41. Rb3 Bc5 42. a3 a4 43. Rb7 Re3 44. Rd7 Ke6 45. Rd5 d3 0-1

[Event "Saint Louis Masters 2026"]
[Site "Saint Louis USA"]
[Date "2026.02.26"]
[Round "4.19"]
[White "Raja, Harshit"]
[Black "Alexakis, Dimitris"]
[Result "1/2-1/2"]
[WhiteTitle "GM"]
[BlackTitle "GM"]
[WhiteElo "2472"]
[BlackElo "2538"]
[WhiteFideId "5089000"]
[BlackFideId "4277023"]
[EventDate "2026.02.25"]

1. e4 c5 2. Nf3 Nc6 3. Bb5 g6 4. Bxc6 dxc6 5. d3 Bg7 6. h3 Nf6 7. Nc3 O-O 8. Be3
b6 9. Qd2 e5 10. O-O Ne8 11. a3 a5 12. Rfe1 f6 13. Ne2 Nc7 14. b4 Ne6 15. bxc5
bxc5 16. Qc3 Qe7 17. Ng3 Nd4 18. Nd2 a4 19. Nc4 Be6 20. Rab1 Rfd8 21. h4 Ra7 22.
Rb6 Qc7 23. Reb1 Nb5 24. R1xb5 cxb5 25. Rxe6 bxc4 26. Qxc4 Qf7 27. h5 Bf8 28.
Rxf6 Qxc4 29. dxc4 Rd1+ 30. Kh2 Ra1 31. Rxf8+ Kxf8 32. Bxc5+ Re7 33. hxg6 hxg6
34. Ne2 Kf7 35. Nc3 Rd7 36. Nxa4 Rd2 37. Kg3 Rxc2 38. Nb6 g5 39. Kg4 Raa2 40.
Kf5 Rxf2+ 41. Bxf2 Rxf2+ 42. Kxe5 Rxg2 1/2-1/2

[Event "Saint Louis Masters 2026"]
[Site "Saint Louis USA"]
[Date "2026.02.26"]
[Round "4.20"]
[White "Bilych, Oleksii"]
[Black "Harsha, Bharathakoti"]
[Result "0-1"]
[WhiteTitle "IM"]
[BlackTitle "GM"]
[WhiteElo "2450"]
[BlackElo "2538"]
[WhiteFideId "14156504"]
[BlackFideId "5078776"]
[EventDate "2026.02.25"]

1. e4 c5 2. Nf3 d6 3. d4 cxd4 4. Nxd4 Nf6 5. Nc3 Nc6 6. Bg5 e6 7. Qd2 a6 8.
O-O-O Be7 9. f4 Bd7 10. Nf3 b5 11. Bxf6 gxf6 12. f5 Qb6 13. Kb1 O-O-O 14. a4 b4
15. Ne2 Na5 16. fxe6 fxe6 17. Nf4 b3 18. Nd4 bxc2+ 19. Qxc2+ Kb8 20. Ndxe6 Rc8
21. Nd5 Qb7 22. Qd2 Nb3 23. Qe3 Bxe6 24. Nxe7 Rc5 25. Nf5 Bxf5 26. exf5 Qb4 27.
Qe6 Rhc8 28. Qxd6+ R8c7 29. Bc4 Rxc4 30. Qxb4+ Rxb4 31. Rd6 Kb7 32. Ka2 Na5 33.
Kb1 Nc4 34. Rxf6 Nd2+ 0-1

[Event "Saint Louis Masters 2026"]
[Site "Saint Louis USA"]
[Date "2026.02.26"]
[Round "4.21"]
[White "Gazik, Viktor"]
[Black "Park, Evan"]
[Result "0-1"]
[WhiteTitle "GM"]
[BlackTitle "IM"]
[WhiteElo "2537"]
[BlackElo "2419"]
[WhiteFideId "14928752"]
[BlackFideId "30931142"]
[EventDate "2026.02.25"]

1. e4 e5 2. Nf3 Nc6 3. Bb5 Nf6 4. d3 d6 5. O-O a6 6. Bxc6+ bxc6 7. c4 c5 8. Nc3
Be7 9. a3 a5 10. Rb1 O-O 11. h3 Ne8 12. b4 cxb4 13. axb4 axb4 14. Rxb4 d5 15.
Ra4 Rxa4 16. Qxa4 dxe4 17. dxe4 Nd6 18. c5 Nb7 19. Rd1 Qe8 20. c6 Nc5 21. Qc2
Qxc6 22. Nxe5 Qe6 23. Nf3 Bb7 24. Nd5 Nxe4 25. Nxc7 Qg6 26. Nd5 Bd6 27. Be3 Ng5
28. Qe2 Nxh3+ 29. Kf1 Ra8 30. Ne5 Qe4 31. Qf3 Qxe5 32. gxh3 Ra1 33. Rxa1 Qxa1+
34. Kg2 Qa8 0-1

[Event "Saint Louis Masters 2026"]
[Site "Saint Louis USA"]
[Date "2026.02.26"]
[Round "4.22"]
[White "Matviishen, Viktor"]
[Black "Atwell, Rose"]
[Result "1-0"]
[WhiteTitle "GM"]
[BlackTitle "FM"]
[WhiteElo "2533"]
[BlackElo "2337"]
[WhiteFideId "14129850"]
[BlackFideId "30951011"]
[EventDate "2026.02.25"]

1. d4 d5 2. c4 e6 3. Nc3 Be7 4. cxd5 exd5 5. Bf4 c6 6. e3 Bf5 7. Nge2 Nd7 8. h4
Ngf6 9. Ng3 Be6 10. Bd3 O-O 11. Nf5 Bb4 12. a3 Bxc3+ 13. bxc3 Bxf5 14. Bxf5 Re8
15. h5 h6 16. f3 Nf8 17. Kf2 Ne6 18. Bg3 Qa5 19. Qd3 c5 20. Bh4 Nd7 21. Rhb1 Qc7
22. Bg3 Qc8 23. a4 Nb6 24. Kg1 cxd4 25. cxd4 Nc4 26. e4 dxe4 27. fxe4 Na5 28.
Rc1 Qd8 29. Bxe6 Rxe6 30. Bc7 Qg5 31. d5 Ra6 32. Rc5 Rc8 33. Rac1 Kh7 34. d6 1-0

[Event "Saint Louis Masters 2026"]
[Site "Saint Louis USA"]
[Date "2026.02.26"]
[Round "4.23"]
[White "Rosen, Eric"]
[Black "Kevlishvili, Robby"]
[Result "1/2-1/2"]
[WhiteTitle "IM"]
[BlackTitle "GM"]
[WhiteElo "2377"]
[BlackElo "2527"]
[WhiteFideId "2032562"]
[BlackFideId "1040634"]
[EventDate "2026.02.25"]

1. e4 c5 2. Nf3 d6 3. Nc3 a6 4. g3 Nc6 5. Bg2 g6 6. d4 cxd4 7. Nxd4 Bd7 8. O-O
Bg7 9. Be3 Nf6 10. Nd5 Rb8 11. c3 O-O 12. h3 Re8 13. Re1 Na5 14. Bg5 e6 15.
Nxf6+ Bxf6 16. Bxf6 Qxf6 17. e5 dxe5 18. Nf3 Red8 19. Nxe5 Bc6 20. Qe2 Bxg2 21.
Kxg2 Nc6 22. Nxc6 bxc6 23. Rad1 Rd5 24. b3 Qxc3 25. Qxa6 Rbd8 26. Rc1 Qb2 27.
Rb1 Qc2 28. Rbc1 Qb2 29. Rb1 Qc2 30. Rbc1 1/2-1/2

[Event "Saint Louis Masters 2026"]
[Site "Saint Louis USA"]
[Date "2026.02.26"]
[Round "4.24"]
[White "Chasin, Nico"]
[Black "Pyrih, Roman"]
[Result "0-1"]
[WhiteTitle "IM"]
[BlackTitle "IM"]
[WhiteElo "2520"]
[BlackElo "2403"]
[WhiteFideId "30908477"]
[BlackFideId "14179156"]
[EventDate "2026.02.25"]

1. d4 d5 2. c4 e6 3. Nc3 Nf6 4. cxd5 exd5 5. Bg5 Be7 6. e3 h6 7. Bh4 Bg4 8. Qc2
O-O 9. h3 Be6 10. Rd1 Ne8 11. Bg3 Bd6 12. Nge2 Bxg3 13. Nxg3 Nd6 14. Bd3 Nd7 15.
O-O c6 16. f3 Qg5 17. Kh2 f5 18. Qf2 Rae8 19. Nge2 Bf7 20. Nf4 Qf6 21. Bb1 g5
22. Nd3 Nc4 23. Rde1 f4 24. exf4 gxf4 25. Rxe8 Rxe8 26. Ne2 Nf8 27. Nexf4 Ne3
28. Re1 Qxd4 29. Ne2 Qf6 30. Ng3 Qd4 31. Kg1 Ng6 32. f4 Nh4 33. Ne2 Qg7 34. g4
Nhg2 35. Rc1 h5 36. g5 Bg6 37. Kh2 h4 38. Rg1 Be4 39. Nc5 Bxb1 40. Rxb1 Qg6 41.
Rc1 Re7 42. Nd4 b6 43. Nce6 c5 44. f5 Qe8 45. Rg1 cxd4 46. Rxg2 Qb8+ 47. Kh1 Qe5
48. Qf4 Rxe6 0-1